000 00700nam a22002657a 4500
001 00592
003 DO-SdBNP
005 20180118130416.0
007 00592
008 160627b sp 1977||||| |||| 00| 0 spa d
020 _a8430305955
040 _aBPMSU
_bspa
_cBPMSU
092 _axxxxxxxxx
_bxxxxxxxxx
100 1 _aDel Olmo, D.
245 1 _aCervantes /
_cD. Del Olmo
260 _aEspaña :
_bRamón Sopena,
_c1977.
300 _a130 p. :
_c18 cm.
490 1 _aEdición integra
490 1 _aBiblioteca sopena
_v595
830 0 _aEdición integra
830 0 _aBiblioteca sopena
_n595
942 _2ddc
_cBK
945 _ainventariado, 2018 / dg
956 _aBTAVÁREZ
_b10
_c20162806
_d00592
999 _c10597
_d10597